| 000 | 00726nam a2200181 a 4500 | ||
|---|---|---|---|
| 005 | 20160820020003.0 | ||
| 008 | 140120b1997 ck ||||| |||| 00| 0 spa d | ||
| 040 |
_aCO-BoIH _cCO-BoIH |
||
| 041 | _aspa | ||
| 044 | _ack | ||
| 090 |
_aIAVH _b00015 |
||
| 111 |
_aCurso -Taller: Análisis Económico de la Biodiversidad y los Ecosistemas Locales, Valoración y Políticas _cVilla de Leyva _dagosto 4-9, 1997 _n1 _928862 |
||
| 245 |
_aAnálisis económico de la biodiversidad y los ecosistemas locales, valoración y políticas _bValoración y Politicas |
||
| 260 |
_aVilla de Leyva _bUniversidad de Massachusetts _bInstituto Alexander von Humboldt _c1997 |
||
| 300 |
_a497.p _c28.cm. |
||
| 942 |
_cINFORME _2z _01 |
||
| 945 | _d1997-12-12 | ||
| 999 |
_c5232 _d5232 |
||